00402 a2200145 4500003000400000005001700004008004100021020001500062040000900077082001900086100001900105245007700124260004600201300000900247OSt20231103104141.0231103b |||||||| |||| 00| 0 eng d a9839154729 coclc a297.246bFAT/P1 aFatoohi, Louay aThe prophet Joseph in the Qur'an, the Bible and History /cLouay Fatoohi aKaula Lumpur:bIslamic Book Trust,c2005. a284p